Tank sesiyle uyanmak / (Record no. 13460)

MARC details
000 -BAŞLIK
Sabit Uzunlukta Kontrol Alanı 00833na a2200289 4500
999 ## - SİSTEM KONTROL NUMARALARI (KOHA)
Koha Biblionumber 13460
Koha Biblioitemnumber 13460
001 - KONTROL NUMARASI
Denetim Alanı 20300
003 - KONTROL NUMARASI IDENTIFIER
Denetim Alanı MIRAKIL
005 - SON İŞLEM TARİHİ VE ZAMANI
Denetim Alanı 20190806100045.0
008 - SABİT-BOY VERİ ELEMANLARI - GENEL BİLGİLER
Sabit Uzunlukta Kontrol Alanı 170117b tu 000 0
035 ## - SİSTEM KONTROL NUMARASI
Sistem Kontrol Numarası 20300
040 ## - KATALOGLAMA KAYNAK
Orijinal Kataloglama Ajansı TR-AnCHP
Kataloglama Dili tur
Metne Dönüştürmek Ajansı TR-AnCHP
041 ## - DİL KODU
Metin / Ses Parça Veya Ayrı Başlığın Dil Kodu tur
082 ## - DEWEY ONLU SINIFLANDIRMA NUMARASI
Sınıflandırma Numarası 321.09
Ürün Numarası C35t 1986
090 ## - SINIFLAMA NUMARASI
Sınıflama Numarası 321.09 C35t 1986
100 ## - ANA GİRİŞ - KİŞİSEL İSİM
Kişisel Ad Cemal, Hasan
Bir Adıyla İlişkilendirilen Tarihler 1944-
245 ## - BAŞLIK TABLOSU
Başlık Tank sesiyle uyanmak /
Sorumluluk Tablosu, Vb Hasan Cemal.
260 ## - YAYIN, DAĞITIM, VB
Yayın, Dağıtım, Vb Yeri İstanbul:
Yayıncı, Dağıtıcı, Vs Adı Bilgi Yayınevi,
Yayın, Dağıtım, Vb Tarihi 1986.
300 ## - FİZİKSEL TANIM
Kapsam 556 s.:
Boyutlar 20 sm.
440 ## - SERİSİ TABLOSU / KATMA GİRİŞİ - BAŞLIK
Başlık Bilgi Yayınları/Bilgi Dizisi
Hacim / Ardışık Tanımı 41
490 ## - SERİSİ TABLOSU
Seri Beyanı Hasan Cemal
Hacim / Ardışık Tanımı 1
500 ## - GENEL NOT
Genel Not Dış kapakta yapıt adı: 12 Eylül günlüğü
650 ## - KONU KATMA GİRİŞ - TOPİKAL DÖNEM
Topikal Süreli Veya Coğrafi Ad Giriş Elemanı 12 Eylül 1980
Genel Alt Bölümü Askeri yönetim
Coğrafi Alt Bölümü Türkiye
651 ## - KONU KATMA GİRİŞ - COĞRAFİ ADI
Coğrafi İsim Türkiye
Genel Alt Bölümü Siyasal tarih
Kronolojik Alt Bölümü Askeri darbeler, 1980
942 ## - EKLENDİ GİRİŞ ELEMANLARI (KOHA)
Sınıflandırma Veya Raf Düzeni Kaynak Dewey Decimal Classification
Koha Öğesi Türü Books
999 ## - SİSTEM KONTROL NUMARALARI (KOHA)
Koha Biblioitemnumber 13460
999 ## - SİSTEM KONTROL NUMARALARI (KOHA)
Koha Biblioitemnumber 9527
Holdings
Kalıcı Konum Mevcut Konum Edinme Tarihi Toplam Check-Out'Lar Tam Çağrı Numarası Barkod Tarih Son Görülme İtibaren Geçerli Fiyatlar Koha Öğesi Türü
Parti Okulu Kütüphanesi Parti Okulu Kütüphanesi 08/06/2019   321.09 C35t 1986 P00558 08/06/2019 08/06/2019 Books